000 02487nam a22003737a 4500
005 20080811115611.0
008 080811t xxu||||| |||| 00| 0 eng d
010 _aB-282283-294
020 _a0439857821
_c195.00
035 _aB-282283-294
040 _aDPL
_bEN
082 _aS
100 _aStine, R.L.
245 _aScary summer /
_cby R.L. Stine
260 _bScholastic India
_c2008(repr.).
_aNew York
300 _a135p.L
_c19 cm (pbk)
_bill.
490 _aGoosebumps graphix - 3
270 _a550 A, Pace City-II, Sector - 37, (Vender)
_bGurgaon
_e122004
_k2212432
942 _cCH
_hS
_2ddc
_mSTI
999 _c13490
_d13490